000 01323nam0a2200325 4500
001 RU\NLR\b_ik\126903
005 20250616225531.0
035 _a(NLR Aleph) 002200339
090 _a3032491
_c3032491
100 _a20050414d2004 |||y0rusy50 ca
101 0 _aeng
102 _aRU
105 _aa |||||||||
200 1 _aDistributed on-board computer system prototype
_fA.A. Belov, P. Behr, E.Yu. Fedounin [et al.]
210 _aМ.
_c[б.и.]
_d2004
215 _a25 с.
_cил.
_d21
225 1 _aПрепринт
_fRuss. acad. of sciences, Keldysh inst. of appl. mathematics
_vN° 25 за 2004 г.
300 _aНа обл. надзаг. на рус. яз.
300 _aРез. на рус. яз.
320 _aБиблиогр.: с. 25
541 0 _aПрототип распределенной бортовой вычислительной системы
_zrus
606 1 _aКосмические летательные аппараты
_xБортовые вычислительные системы
_xПроектирование
_92348510
_3RU\NLR\AUTH\661403261
686 4 _aО62-057-02
701 1 _aBelov
_bA. A.
_4070
701 1 _aBehr
_bP.
_4070
701 1 _aFedunin
_bE. Ju.
_4070
801 0 _aRU
_bNLR
_c20050414
_gPSBO
942 _cBOOK
980 _aNB